Nel palazzo d'estate quella notte Adolf Hitler strangolò Jacqueline Kennedy /

Gardado en:
Detalles Bibliográficos
Autor Principal: Carpi, Pier (Author)
Formato: Libro
Idioma:Lingua italiana
Publicado: [Milano] : Corno, 1978
Series:I ruggenti
Tags: Engadir etiqueta
Sen Etiquetas, Sexa o primeiro en etiquetar este rexistro!

MARC

LEADER 00000nam a22000007i 4500
001 IT\ICCU\SBL\0153603
003 ItRI
005 20260115232334.0
008 910930s1978 it |||||| |||||1|||||c
015 |2 IT  |a 786810 
040 |b ita  |c importazione bologna sebina 
041 7 |a ita  |2 ISO-639-2 
082 |a 853.9  |9 NARRATIVA ITALIANA, 1900-  |2 18 
100 1 |a Carpi, Pier  |0 IT\ICCU\CFIV\085491  |4 aut 
245 1 0 |a Nel palazzo d'estate quella notte Adolf Hitler strangolò Jacqueline Kennedy /  |c Pier Carpi. 
260 |a [Milano] :  |b Corno,  |c 1978 
300 |a 251 p. ;  |c 21 cm. 
790 1 |a Carpi, Arnaldo Piero  |3 IT\ICCU\SBNV\012216  |z Carpi, Pier 
790 1 |a Arnold, Peter C.  |3 IT\ICCU\SBNV\012305  |z Carpi, Pier 
790 1 |a St. Cross, Dorothy  |3 IT\ICCU\SBNV\012306  |z Carpi, Pier 
830 2 |a I ruggenti  |0 IT\ICCU\RAV\0142995 
942 |2 ddc  |c BK  |n 0 
952 |0 0  |1 0  |4 0  |6 DOC_853_914000000000000_CAR  |7 0  |9 24424  |a BO  |b BO  |d 2026-01-15  |i 14247  |l 0  |o DOC 853.914 CAR  |p BO14247  |r 2026-01-15 23:23:34  |w 2026-01-15  |x [Sebina 5] [1 v.]  |y BK  |z 1 v. 
999 |c 20794  |d 20794